| 000 | 00809nam a22002297a 4500 | ||
|---|---|---|---|
| 005 | 20260428153210.0 | ||
| 008 | 260428b |||||||| |||| 00| 0 eng d | ||
| 020 | _a9788178244792 (pbk) | ||
| 037 | _cREF | ||
| 040 |
_aCRL _cCRL |
||
| 041 |
_2eng _aeng |
||
| 084 |
_aY:381.2 P8 (RR) _qCRL |
||
| 100 |
_aVIrmani , Arundhati _91235894 |
||
| 245 |
_aNational flag for India: _brituals, nationalism, and the politics of sentiment |
||
| 260 |
_aRanikhet, India: _bPermanent Black, _c2008. |
||
| 300 | _axxii, 356p. | ||
| 365 |
_b695.00 _cINR |
||
| 650 | _aSociology | ||
| 650 |
_aNational Flag _91235895 |
||
| 942 |
_2CC _n0 _cREF _hY:381.2 P8 (RR) |
||
| 999 |
_c1848602 _d1848602 |
||